The sleeping dogs

Bibliographic Details
Main Author: Ferrars, Elizabeth
Format: Book
Published: New York : Sevvern House Publishers , 1989
Subjects:

MARC

LEADER 00000cam a2200000 7i4500
001 0000000660
002 000000755
005 20000330.0
020 |a 0727817876 
090 0 0 |a F   |b FER 
100 1 |a Ferrars, Elizabeth 
245 1 4 |a The sleeping dogs   |c Elizabeth Ferrars 
260 |a New York :   |b Sevvern House Publishers ,   |c 1989 
300 |a 191 p. ;   |c 22 cm. 
650 0 0 |a Crime and detection fiction 
999 |a 030508   |b BUKU   |c FICTION   |e PERPUSTAKAAN KOMUNITI PETALING JAYA